Top five nations with the most players per league - Statistics

General Stats
  • This quiz has been taken 70 times
  • The average score is 11 of 15
Answer Stats
Championnat Nombre de joueurs Pays % Correct
Premier League, Serie A 193 Spain
92%
Premier League, LaLiga, Serie A 271 France
89%
LaLiga 172 Portugal
89%
LaLiga, Serie A, Ligue 1 597 Argentina
85%
LaLiga, Serie A, Bundesliga,Ligue 1 318 Brazil
85%
Premier League, Bundesliga 181 Netherlands
79%
Bundesliga 152 Austria
68%
Premier League 262 Ireland
66%
Premier League 267 Scotland
65%
Bundesliga 159 Denmark
63%
LaLiga, Serie A 209 Uruguay
63%
Ligue 1 189 Morocco
61%
Ligue 1 230 Algeria
60%
Bundesliga 150 Croatia
60%
Ligue 1 244 Senegal
50%
No matching quizzes found
Score Distribution
Percent of People with Each Score
Percentile by Number Answered
Your Score History
You have not taken this quiz